Annual review of applied linguistics

Detalles Bibliográficos
Autor Corporativo: Cambridge University Press
Formato: Electrónico Seriadas
Lenguaje:inglés
Publicado: Cambridge ; New York : Cambridge University Press
Materias:
Acceso en línea:Full text available from Research Library: 03/01/2001 to 1 year ago

MARC

LEADER 00000nas a2200000 a 4500
001 ssj0013066
003 WaSeSS
005 20200512172242.0
006 m d
007 cr n
008 020624c19809999enkar ss 0 0eng c
010 |a  2010233194 
015 |a GBB400759  |2 bnb 
016 7 |a 2084080-9  |2 DE-600 
016 7 |a 012900984  |2 Uk 
022 |a 1471-6356  |l 0267-1905  |y 0267-1905 
035 |a (WaSeSS)ssj0013066 
040 |a NKM  |b eng  |c NKM  |d OCLCQ  |d OCL  |d OCLCQ  |d SYB  |d GUA  |d OCLCQ  |d MNM  |d OCLCF  |d OCLCO  |d OCLCQ  |d NLE  |d AU@  |d UKMGB  |d VT2  |d WaSeSS 
042 |a pcc 
050 1 4 |a P129 
130 0 |a Annual review of applied linguistics (Online) 
245 1 0 |a Annual review of applied linguistics  |h [electronic resource]. 
260 |a Cambridge ;  |a New York :  |b Cambridge University Press 
310 |a Annual 
362 1 |a Print began with 1980. 
506 |a License restrictions may limit access. 
538 |a Mode of access: World Wide Web. 
588 |a Description based on: Vol. 19 (Jan. 1999); title from contents screen (Cambridge University Press, viewed Feb. 18, 2010). 
588 |a Latest issue consulted: Vol. 29 (Mar. 2009), viewed Feb. 18, 2010. 
650 0 |a Applied linguistics  |v Periodicals. 
650 7 |a Applied linguistics.  |2 fast  |0 (OCoLC)fst00811758 
655 0 |a Electronic journals. 
710 2 |a Cambridge University Press. 
776 0 8 |i Print version:  |t Annual review of applied linguistics  |x 0267-1905  |w (DLC) 84649237  |w (OCoLC)7873852 
856 4 0 |z Full text available from Research Library: 03/01/2001 to 1 year ago  |u https://search.proquest.com/publication/37028